La empresa y la estadística (Registro nro. 1315)
[ vista simple ]
| 000 -LEADER | |
|---|---|
| fixed length control field | 01410 a2200217 4500 |
| 001 - CONTROL NUMBER | |
| control field | 25206 |
| 005 - DATE AND TIME OF LATEST TRANSACTION | |
| control field | 20260407155535.0 |
| 008 - FIXED-LENGTH DATA ELEMENTS--GENERAL INFORMATION | |
| fixed length control field | 260407a1963 arg spa d |
| 003 - CONTROL NUMBER IDENTIFIER | |
| control field | AR-UNSa-BCEJYS |
| 040 ## - CATALOGING SOURCE | |
| Original cataloging agency | AR-UNSa-BCEJYS |
| Language of cataloging | spa |
| Transcribing agency | AR-UNSa-BCEJYS |
| 080 ## - UNIVERSAL DECIMAL CLASSIFICATION NUMBER | |
| Universal Decimal Classification number | 519.2 |
| Common auxiliary subdivision | Probabilidades y estadística matemática<br/> |
| 100 1# - MAIN ENTRY--PERSONAL NAME | |
| Personal name | Dumas, Raymond |
| 245 10 - TITLE STATEMENT | |
| Title | La empresa y la estadística |
| 264 #1 - PRODUCTION, PUBLICATION, DISTRIBUTION, MANUFACTURE, AND COPYRIGHT NOTICE | |
| Place of production, publication, distribution, manufacture | Madrid : |
| Name of producer, publisher, distributor, manufacturer | Ediciones Rialp |
| Date of production, publication, distribution, manufacture, or copyright notice | 1963 |
| 300 ## - PHYSICAL DESCRIPTION | |
| Extent | 2 v. (401; 277 p.) |
| Dimensions | 25 cm. |
| 505 ## - FORMATTED CONTENTS NOTE | |
| Formatted contents note | Tomo I : 1. La observación de fenómenos y la explotación de los datos obtenidos - 2. Presentación de los resultados - 3. La interpretación de los resultados - 4. Organización y documentación estadística - 5. Producción y comercio - 6. Precios - 7. Estadística de la población activa; de la duración del trabajo, del número de trabajadores, del paro y de los salarios - 8. Estad´sitica financieras, bancarias y bursátiles - 9. Contabilidad nacional -- Tomo II : 1. La estadística y la empresa - 2. El tablero de instrumentos. Los coeficientes - 3. El control de calidad - 4. La investigación operativa - 5. Estudio de mercado - 6. La coyuntura - 7. Estadística y contabilidad - 8. Organización de un servicio de estadística de empresa - 9. Estudio de casos particulares. |
| 590 ## - LOCAL NOTE (RLIN) | |
| Local note | niveau_biblio:m niveau_hierar:0 |
| 700 1# - ADDED ENTRY--PERSONAL NAME | |
| Personal name | Coo, Manuel de |
| 700 1# - ADDED ENTRY--PERSONAL NAME | |
| Personal name | Carrascal, José María |
| 942 ## - ADDED ENTRY ELEMENTS (KOHA) | |
| Koha item type | |
| Withdrawn status | Lost status | Damaged status | Not for loan | Home library | Current library | Shelving location | Date acquired | Total checkouts | Full call number | Barcode | Date last seen | Price effective from | Koha item type |
|---|---|---|---|---|---|---|---|---|---|---|---|---|---|
| Biblioteca Prof. Eusebio Cleto del Rey | Biblioteca Prof. Eusebio Cleto del Rey | 07/04/2026 | 519.2 D886 v.1 | L20844 | 07/04/2026 | 07/04/2026 | Libro | ||||||
| Biblioteca Prof. Eusebio Cleto del Rey | Biblioteca Prof. Eusebio Cleto del Rey | 07/04/2026 | 519.2 D886 v.2 | L20845 | 07/04/2026 | 07/04/2026 | Libro |